| 000 | 01981nam a2200409 a 4500 | ||
|---|---|---|---|
| 001 | ebr10310811 | ||
| 003 | CaPaEBR | ||
| 006 | m u | ||
| 007 | cr cn||||||||| | ||
| 008 | 090602s2009 enk sb 001 0 eng | ||
| 010 | _z 2009278876 | ||
| 015 |
_aGBA8B0108 _2bnb |
||
| 016 | 7 |
_z014754882 _2Uk |
|
| 020 | _z9781845117832 (hbk.) | ||
| 020 | _z1845117832 (hbk.) | ||
| 040 |
_aCaPaEBR _cCaPaEBR |
||
| 035 | _a(OCoLC)503446287 | ||
| 043 | _aa-tu--- | ||
| 050 | 1 | 4 |
_aBP63.T8 _bK374 2009eb |
| 082 | 0 | 4 |
_a305.55208829709561 _222 |
| 100 | 1 | _aKarasipahi, Sena. | |
| 245 | 1 | 0 |
_aMuslims in modern Turkey _h[electronic resource] : _bKemalism, modernism and the revolt of the Islamic intellectuals / _cSena Karasipahi. |
| 260 |
_aLondon ; _aNew York : _bI.B. Tauris ; _aNew York : _bDistributed in the United States and Canada exclusively by Palgrave Macmillan, _c2009. |
||
| 300 | _aviii, 247 p. | ||
| 490 | 1 |
_aLibrary of modern Middle East studies ; _v72 |
|
| 504 | _aIncludes bibliographical references (p. 233-242) and index. | ||
| 505 | 0 | _aThe emergence of contemporary Turkish Muslim intellectuals -- Analysis and explanation of the contemporary Turkish Muslim intellectuals and their discourses -- Examination of the Muslim intellectuals' thoughts on concepts other than west and modernity -- Comparison of the Turkish Muslim intellectuals across time and space. | |
| 533 |
_aElectronic reproduction. _bPalo Alto, Calif. : _cebrary, _d2013. _nAvailable via World Wide Web. _nAccess may be limited to ebrary affiliated libraries. |
||
| 650 | 0 |
_aMuslims _zTurkey _xIntellectual life. |
|
| 650 | 0 |
_aIslam and secularism _zTurkey. |
|
| 650 | 0 | _aKemalism. | |
| 650 | 0 | _aReligion and civilization. | |
| 655 | 7 |
_aElectronic books. _2local |
|
| 710 | 2 | _aebrary, Inc. | |
| 830 | 0 |
_aLibrary of modern Middle East studies ; _v72. |
|
| 856 | 4 | 0 |
_uhttp://site.ebrary.com/lib/rucke/Doc?id=10310811 _zAn electronic book accessible through the World Wide Web; click to view |
| 999 |
_c175924 _d175924 |
||